| 000 | 01094nam1a22003011i 4500 | ||
|---|---|---|---|
| 001 | RU\NLR\INFOCOMM_190\5000034899 | ||
| 005 | 20240724145515.0 | ||
| 035 | _a(NLR Aleph) 009159402 | ||
| 090 |
_a8444481 _c8444481 |
||
| 100 | _a20100131d1969 |||y0rusy50 ba | ||
| 101 | 0 |
_aeng _frus |
|
| 102 | _aRU | ||
| 105 | _ay ||||000|y | ||
| 200 | 1 |
_aLathe practice _fB. Brushtein and V. Dementyev |
|
| 210 |
_aΜ. _c"Higher school" _d[1969] |
||
| 215 |
_a2 т. _d22 см |
||
| 300 | _aНа переплете авт. не указаны | ||
| 300 | _aДоп. тит. л. на рус. яз.: Б. Е. Бруштейн, В. И. Дементьев. Токарное дело | ||
| 309 | _aОтпечат. множит. аппаратом | ||
| 686 |
_aТт-м-648 [К632] _2rubbk |
||
| 700 | 1 |
_9z01790 _aBruštejn _bB. E. _gBoris Efimovič _4070 |
|
| 701 | 1 |
_9z02790 _aDement'ev _bV. I. _gVladimir Ivanovič _4070 |
|
| 790 | 1 |
_9z01700 _aBrushtein _bB. _4070 |
|
| 790 | 1 |
_9z02701 _aDementyev _bV. _4070 |
|
| 801 | 1 |
_aRU _bNLR _c20100131 |
|
| 801 | 0 |
_aRU _bNLR _gPSBO |
|
| 852 |
_aNLR _jТ37 Д-5/38 _y2 экз. |
||
| 942 | _cBOOK | ||